| 000 | 01114cam a2200301 4500 | ||
|---|---|---|---|
| 001 | ABS64222 | ||
| 008 | 010803n2001 000 0 eng u | ||
| 035 | _a(Sirsi) u113941 | ||
| 100 | _aMenary, S. | ||
| 245 | _aBovis and Balfour topple Skanska | ||
| 260 | _c2001 | ||
| 490 |
_aConstruction News _v(6725) 19 July 2001, 12-13(2) |
||
| 520 | _aThe latest 12-month top 40 contractors' league table. Bovis Lend Lease ends Skanska's reign at the top of the table, Balfour Beatty jumps into second place and Skanska has to settle for third place. Also rankings of the top 20 clients; civil engineering contractors; consulting engineers; top 15 architects and quantity surveyors. Tables. | ||
| 590 | _aABS | ||
| 650 | _aLEAGUE TABLES | ||
| 650 | _aRANKINGS | ||
| 650 | _aCONTRACTORS | ||
| 650 | _aCONSULTANTS | ||
| 650 | _aCIVIL ENGINEERING CONTRACTORS | ||
| 650 | _aQUANTITY SURVEYORS | ||
| 650 | _aCONSULTING ENGINEERS | ||
| 650 | _aARCHITECTS | ||
| 650 | _aBOVIS LEND LEASE | ||
| 650 | _aBALFOUR BEATTY | ||
| 650 | _aSKANSKA | ||
| 690 | _aBUILT ENVIRONMENT-CONSTRUCTION MARKET | ||
| 942 | _n0 | ||
| 999 |
_c67895 _d67895 |
||